| 000 | 00513nam a2200181Ia 4500 | ||
|---|---|---|---|
| 008 | 140925s9999 xx 000 0 und d | ||
| 020 | _a2227-7072 | ||
| 245 |
_aInternational Journal of Financial StudiesĀ / _h[electronic resource] |
||
| 260 |
_bMDPI AG, _cc2014. |
||
| 516 | _aElectronic text | ||
| 650 | _aFinancial Management. | ||
| 650 | _aFinancial Studies. | ||
| 650 | _aJournal. | ||
| 830 | _aMDPI AG | ||
| 856 | _uhttp://www.mdpi.com/journal/ijfs | ||
| 942 | _cEJ | ||
| 999 |
_c275652 _d275652 |
||